Interstitial Alloys /

Na minha lista:
Detalhes bibliográficos
Autor principal: Goldschmidt, H.J (Author)
Formato: Livro
Idioma:inglês
Publicado em: London : Butterworths, 1967
Assuntos:
Tags: Adicionar Tag
Sem tags, seja o primeiro a adicionar uma tag!

MARC

LEADER 00000nam a22000003a 4500
001 stu43371
005 20150617225717.9
008 940913s1967----uk------------------eng-d
040 |a STU  |b slo 
041 0 |a eng 
044 |a uk 
080 |a 669.018 
100 1 |a Goldschmidt, H.J  |4 aut 
245 1 |a Interstitial Alloys /  |c [aut.]H.J. Goldschmidt 
260 |a London :  |b Butterworths,  |c 1967 
300 |a 632 s 
650 7 |a hliník  |2 stusub 
996 |b 284M030011  |c M*8710-1  |l MMKN  |s A  |a 24  |w stu43371_0001